Người con trai sông Trà

Guardat en:
Dades bibliogràfiques
Autor principal: Lê Quang Hào
Format: Llibre
Publicat: H. Thanh niên 1979
Matèries:
Etiquetes: Afegir etiqueta
Sense etiquetes, Sigues el primer a etiquetar aquest registre!
Thư viện lưu trữ: Trung tâm Học liệu Lê Vũ Hùng, Trường Đại học Đồng Tháp
LEADER 00735pam a22002178a 4500
001 00020662
005 20171026081022.0
008 110519s1979 ||||||Viesd
041 0 # |a Vie 
082 1 4 |a 895.922 3  |b NG558C 
100 0 # |a Lê Quang Hào 
245 0 0 |a Người con trai sông Trà  |c Lê Quang Hào, Nguyễn Hồng Sinh 
260 # # |a H.  |b Thanh niên  |c 1979 
300 # # |a 220 tr.  |c 19 cm. 
650 # 4 |a Văn học Việt Nam 
653 # # |a Truyện 
852 # # |b Kho mượn  |j KM.0012086, KM.0007170 
852 # # |b Kho đọc  |j KD.0006020 
852 # # |j KD.0006020  |j KM.0007170  |j KM.0012086 
910 0 # |a Hoa Lê  |d 19/05/2011 
980 # # |a Trung tâm Học liệu Lê Vũ Hùng, Trường Đại học Đồng Tháp